000 00434nam a2200157 a 4500
001 000013942
005 20200929163417.0
008 091202s1915 dr 001 0 spa d
040 _aDO-SdBNP
_bspa
_cBNPHU
082 _axxxx
_bS917p
100 1 _aStriddels, Enríque
_931598
245 1 0 _aPolimnia (paginitas) /
_cEnríque Striddels.
260 _aSanto Domingo :
_bLa Estrella,
_c1915.
300 _a136 p. ;
_c18 cm.
049 _aBNPD
999 _c13547
_d13547